Southville International School and Colleges
Your cart is empty.
  • Cart
  • Lists
    Public lists Eva Luna New books Lux_list list_1
    Your lists Log in to create your own lists
  • Log in to your account
  • Your cookies
  • Search history
Southville International School and Colleges
  • Advanced search
  • Recent comments
  • Most popular
  • Libraries

Log in to your account

Log in with GOOGLE


If you do not have an external account, but do have a local account, you can still log in:

  1. Home
  2. MARC view: Making minds and madness :
Normal view MARC view ISBD view

Making minds and madness : (Record no. 24603)

[ view plain ]
MARC details
000 -LEADER
fixed length control field 01447nam a2200277 a 4500
005 - DATE AND TIME OF LATEST TRANSACTION
control field 20140310183530.0
008 - FIXED-LENGTH DATA ELEMENTS--GENERAL INFORMATION
fixed length control field 111011s19uu xx 00 eng d
010 ## - LIBRARY OF CONGRESS CONTROL NUMBER
LC control number 2009006853
020 ## - INTERNATIONAL STANDARD BOOK NUMBER
International Standard Book Number 9780521716888
050 ## - LIBRARY OF CONGRESS CALL NUMBER
Classification number RC 480.5
Item number .B664 2009
100 ## - MAIN ENTRY--PERSONAL NAME
Personal name Borch-Jacobsen, Mikkel
245 ## - TITLE STATEMENT
Title Making minds and madness :
Remainder of title from hysteria to depression /
Statement of responsibility, etc Mikkel Borch-Jacobsen.
260 ## - PUBLICATION, DISTRIBUTION, ETC. (IMPRINT)
Place of publication, distribution, etc Cambridge, UK ; New York :
Name of publisher, distributor, etc Cambridge University Press,
Date of publication, distribution, etc 2009.
300 ## - PHYSICAL DESCRIPTION
Extent 266 p. :
Dimensions 26 cm.
500 ## - GENERAL NOTE
General note Includes bibliographical references (p. 230-254) and index.
520 ## - SUMMARY, ETC.
Summary, etc Contents: How to predict the past : from trauma to repression -- Neurotica : Freud and the seduction theory -- A black box named "Sybil" -- What made Albert run? -- The Bernheim effect -- Simulating the unconscious -- Is psychoanalysis a fairy-tale? -- Interprefactions : Freud�s legendary science / in collaboration with Sonu Shamdasani -- Portrait of the psychoanalyst as a chameleon -- Science of madness, madness of science -- The great depression -- Psychotherapy today -- Therapy users and disease mongers.
521 ## - TARGET AUDIENCE NOTE
Target audience note
650 ## - SUBJECT ADDED ENTRY--TOPICAL TERM
Topical term or geographic name as entry element Psychotherapy
650 ## - SUBJECT ADDED ENTRY--TOPICAL TERM
Topical term or geographic name as entry element Psychoanalysis
650 ## - SUBJECT ADDED ENTRY--TOPICAL TERM
Topical term or geographic name as entry element Psychoanalytic Theory
General subdivision Collected Works
650 ## - SUBJECT ADDED ENTRY--TOPICAL TERM
Topical term or geographic name as entry element History, 20th Century
General subdivision Collected Works
650 ## - SUBJECT ADDED ENTRY--TOPICAL TERM
Topical term or geographic name as entry element Psychiatry
General subdivision History
-- Collected Works
650 ## - SUBJECT ADDED ENTRY--TOPICAL TERM
Topical term or geographic name as entry element Psychotherapeutic Processes
General subdivision Collected Works
942 ## - ADDED ENTRY ELEMENTS (KOHA)
Koha item type Books
Source of classification or shelving scheme Library of Congress Classification
Call number prefix Foreign
Holdings
Withdrawn status Lost status Source of classification or shelving scheme Damaged status Home library Current library Shelving location Date acquired Source of acquisition Cost, normal purchase price Total Checkouts Full call number Barcode Date last seen Copy number Price effective from Koha item type
    Library of Congress Classification   College Library College Library General Circulation Section 10/11/2011 Donation 3060.00   RC 480.5 .B664 2009 C12835 05/15/2018 1 10/18/2013 Books

Making minds and madness :

APA

Borch-Jacobsen M., . (2009). Making minds and madness. Cambridge, UK ; New York: Cambridge University Press.

Chicago

Borch-Jacobsen Mikkel, . 2009. Making minds and madness. Cambridge, UK ; New York: Cambridge University Press.

Harvard

Borch-Jacobsen M., . (2009). Making minds and madness. Cambridge, UK ; New York: Cambridge University Press.

MLA

Borch-Jacobsen Mikkel, . Making minds and madness. Cambridge, UK ; New York: Cambridge University Press. 2009.

  • Place hold
  • Print
  • Cite
  • Add to your cart (remove)
  • Save record
    BIBTEX Dublin Core MARCXML MARC (non-Unicode/MARC-8) MARC (Unicode/UTF-8) MARC (Unicode/UTF-8, Standard) MODS (XML) RIS
  • More searches
    Search for this title in:
    Other Libraries (WorldCat) Other Databases (Google Scholar) Online Stores (Bookfinder.com) Open Library (openlibrary.org)

Exporting to Dublin Core...

SOUTHVILLE LIBRARY

Southville International School and Colleges Library

1281 Tropical Ave. Cor. Luxembourg St., BF Homes International, Las Pinas City

Tel. No. 8256374 / 252358 Loc. 117/146

Powered by Koha